000 00481nam a2200157 4500
001 127045
003 ES-MaACL
005 20230906192931.0
007 t|
008 070214s1969 sp r ||||1| spa d
100 1 _aRibot, Luis Antonio.
_996835
245 1 3 _aLa vocación y las vocaciones en el Vaticano II /
_cP. Luis Antonio Ribot, S. J.
260 _aValladolid :
_b[s. n.],
_c1969 (
_fGráf. A. Martín)
300 _a64 p. :
_b16 cm.
852 _aES-MaACL
_jC-36890
_bR.71151
999 _c127045
_d127045